000 00277nam a22001217a 4500
020 _aNA
082 _222
_a808.0666521
100 _aMiller, Julie.
245 _aBusiness writing that counts /
260 _bA Sterling Paperback,
_cc2006.
300 _a0
_bill. ;
942 _2ddc
_cF
999 _c4116
_d4116